Science Quiz

Random Science or Numbers Quiz

Multiples of 7 Quiz Stats

 Plays Quiz not verified by Sporcle

Support Sporcle.
Go Orange.
Score 0/12 Timer 04:00
0 Plays Today
Multiple of 7 Answer % Correct
7 × 214
97%
7 × 642
97%
7 × 749
97%
7 × 963
97%
7 × 17
93.9%
7 × 321
93.9%
7 × 535
93.9%
7 × 856
93.9%
7 × 1070
93.9%
7 × 1177
93.9%
7 × 428
90.9%
7 × 1284
90.9%

You're not logged in!

Compare scores with friends on all Sporcle quizzes.
OR
Log In

From the Vault

National Lab States

by puckett86

There's a lot of science going on here.
Remove Ads.
Support Sporcle.
Get the best of Sporcle when you Go Orange. This ad-free experience offers more features, more stats, and more fun while also helping to support Sporcle. Thank you for becoming a member.

Show Comments

Extras

Top Quizzes Today


Score Distribution

Your Account Isn't Verified!

In order to create a playlist on Sporcle, you need to verify the email address you used during registration. Go to your Sporcle Settings to finish the process.

Report this User

Report this user for behavior that violates our Community Guidelines.

Details: